000 00312nam a22000977a 4500
008 150618b xxu||||| |||| 00| 0 eng d
010 _8HCCRSF:003
245 _aHIGH COURT CRIMINAL SESSION NO.321 OF 1969 Uganda Vs Sarafino Acidri
260 _aHigh Court Kampala
500 _3BEFORE: Hon. Mr. Acting Justice E.A. Oteng
999 _c6390
_d6390